Miller & Freund's probability and statistics for engineers / (Record no. 27313)

MARC details
000 -LEADER
fixed length control field 02037cam a22003615a 4500
003 - CONTROL NUMBER IDENTIFIER
control field EG-ScBUE
005 - DATE AND TIME OF LATEST TRANSACTION
control field 20241109091534.0
008 - FIXED-LENGTH DATA ELEMENTS--GENERAL INFORMATION
fixed length control field 160815t2018 enka f b 001 0 eng d
020 ## - INTERNATIONAL STANDARD BOOK NUMBER
International Standard Book Number 9781292176017
020 ## - INTERNATIONAL STANDARD BOOK NUMBER
International Standard Book Number 1292176016
040 ## - CATALOGING SOURCE
Original cataloging agency StDuBDS
Language of cataloging eng
Description conventions rda
Transcribing agency StDuBDS
Modifying agency Uk
-- EG-ScBUE
-- EG-ScBUE
082 04 - DEWEY DECIMAL CLASSIFICATION NUMBER
Classification number 519.202462
Item number JOH
Edition number 22
100 1# - MAIN ENTRY--PERSONAL NAME
Personal name Johnson, Richard A.
Fuller form of name (Richard Arnold),
Dates associated with a name 1937-
Relator term author.
245 10 - TITLE STATEMENT
Title Miller & Freund's probability and statistics for engineers /
Statement of responsibility, etc Richard A. Johnson, University of Wisconsin-Madison.
246 30 - VARYING FORM OF TITLE
Title proper/short title Probability and statistics for engineers
250 ## - EDITION STATEMENT
Edition statement Ninth edition.
250 ## - EDITION STATEMENT
Edition statement Global edition.
264 #1 - PUBLICATION, DISTRIBUTION, ETC. (IMPRINT)
Place of publication, distribution, etc Harlow :
Name of publisher, distributor, etc Pearson Education,
Date of publication, distribution, etc [2018]
264 #4 - PUBLICATION, DISTRIBUTION, ETC. (IMPRINT)
Date of publication, distribution, etc c2018
300 ## - PHYSICAL DESCRIPTION
Extent 546 pages :
Other physical details illustrations ;
Dimensions 28 cm
336 ## - CONTENT TYPE
Source rdacontent
Content type term text
Content type code txt
337 ## - MEDIA TYPE
Media type term unmediated
Source rdamedia
Media type code n
338 ## - CARRIER TYPE
Carrier type term volume
Carrier type code nc
Source rdacarrier
504 ## - BIBLIOGRAPHY, ETC. NOTE
Bibliography, etc Includes bibliographical references and index.
520 ## - SUMMARY, ETC.
Summary, etc An Applications-Focused Introduction to Probability and Statistics<br/>Miller & Freund's Probability and Statistics for Engineers is rich in exercises and examples, and explores both elementary probability and basic statistics, with an emphasis on engineering and science applications. Much of the data has been collected from the author's own consulting experience and from discussions with scientists and engineers about the use of statistics in their fields. In later chapters, the text emphasizes designed experiments, especially two-level factorial design. The Ninth Edition includes several new datasets and examples showing application of statistics in scientific investigations, familiarizing students with the latest methods, and readying them to become real-world engineers and scientists.
600 17 - SUBJECT ADDED ENTRY--PERSONAL NAME
Source of heading or term BUEsh
Personal name Miller, Irwin,‏
Dates associated with a name 1928-‏
600 17 - SUBJECT ADDED ENTRY--PERSONAL NAME
Source of heading or term BUEsh
Personal name Freund, John E.‏
650 #7 - SUBJECT ADDED ENTRY--TOPICAL TERM
Topical term or geographic name as entry element Engineering
General subdivision Statistical methods.
Source of heading or term BUEsh
650 #7 - SUBJECT ADDED ENTRY--TOPICAL TERM
Topical term or geographic name as entry element Probabilities.
Source of heading or term BUEsh
653 ## - INDEX TERM--UNCONTROLLED
Resource For college Engineering, General
Arrived date list March2019
655 ## - INDEX TERM--GENRE/FORM
Form subdivision Reading book
942 ## - ADDED ENTRY ELEMENTS (KOHA)
Source of classification or shelving scheme Dewey Decimal Classification
Koha item type Book - Borrowing
Holdings
Withdrawn status Lost status Source of classification or shelving scheme Damaged status Not for loan Collection code Home library Current library Shelving location Date acquired Source of acquisition Cost, normal purchase price Serial Enumeration / chronology Total Checkouts Total Renewals Full call number Barcode Date last seen Date checked out Cost, replacement price Koha item type
    Dewey Decimal Classification     Baccah Central Library Central Library First floor 26/03/2019 Purchase 880.00 173 1 21 519.202462 JOH 000043295 28/09/2025 22/02/2025 1100.00 Book - Borrowing